| 000 | 01040nam a2200253Ia 4500 | ||
|---|---|---|---|
| 001 | 842-HUG vi he (8560) | ||
| 003 | IT-MiSPE | ||
| 008 | 171229s9999||||xx |||||||||||||| ||und|| | ||
| 040 |
_aIT-MiSPE _cIT-MiSPE |
||
| 041 | _aFRANCESE | ||
| 100 | _aVictor Hugo | ||
| 245 | 0 |
_aHernani _bDrame |
|
| 250 | _anv. | ||
| 260 |
_aParis _bLarousse _c1971 |
||
| 300 |
_a214 p. _c17 cm |
||
| 490 | _aNouveaux classiques L. | ||
| 501 | _aEdizioni San Paolo srl - Piazza Soncino, 5 - 20092 CINISELLO BALSAMO (MI) (non commercial uses only) ® Copyright 2018 | ||
| 520 | _aGérard Sablayrolles (rev. nv. ed.). Ill. | ||
| 700 | _aGérard Sablayrolles | ||
| 700 | _aPierre Richard | ||
| 942 | _cBK | ||
| 957 | _71 | ||
| 999 |
_a17708 _bNO _g Copie: 1 _c353370 _d353370 |
||